01174 a2200181 4500003000500000005001700005040000900022082001500031100002700046245006500073260004600138300001200184505048700196942002400683999001900707952013900726952012700865NUST20230209131100.0 cNust a654.91,QUR aQureshi, I.Q. 9108787 aA Short History of Pakistan :bBook one four /cI.H. Qureshi aKarachi ,PakistanbUniversity Pressc2000 a952 p.; aGeographical Factors in the history of Pakistan (Page-1), Sources of Antecedent History (Page-16), Prehistory and Protohistory (Page-26), The Age and Cultural of the Vedic Aryans (Page-45), The Age of Compromise (Page-64), The Aachaeminian age and the Alexander Invasion (Page-82), The Maurya Age (Page-98), Foreign invasions and the Age of the imperial Guptas (Page-139), The Age of Empire building in East Pakistan (Page-168), Medievalism and the Decline of the Hindus (Page-193). 2ddccBKk954.91,QUR c194038d194038 00102ddc4070aMCSbMCScGENd2016-12-12l1o654.91,QURpMCS34408r2023-01-24s2022-11-14w2016-12-12yBKzAlmirah No.62, Shelf No.2 00102ddc4070aMCSbMCScGENd2023-02-09l0o654.91,QURpMCS34407r2023-02-09w2023-02-09yBKzAlmirah No.62, Shelf No.2